000 00406nam a2200169Ia 4500
003 STCL
008 181203s9999 xx 000 0 und d
020 _a9781605352558
040 _aSTCL
_bEN
_cSTCL
082 _222
100 _aTaiz, Lincoln
245 0 _aPlant Physiology and Development
260 _bSinauer Associates
_aSunderland
_c2015
300 _a761
546 _aEnglish
942 _2ddc
_cBK
999 _c86948
_d86948